MDQL
is popping MORE tags! Check the
thread
!
Quizzes
Events
Quiz Creation
Community
Videos
Private Events
Remove Ads
Sign In
Join for FREE
Feedback
Dark Mode
Quiz Categories
Sports
Geography
Music
Movies
Television
Just For Fun
Miscellaneous
History
Literature
Language
Science
Gaming
Entertainment
Religion
Holiday
For Kids
Quiz Lab
Recent
Popular Today
Quiz Kudos Today
Editor Picks
Curator Picks
Quizzes by...
Day
Popularity
Type
Ratings
Length
Year
Community
Subscriptions
Recent Discussions
Orange Saloon
Badges
Playlists
Quests
Create
Leaderboards
Showdown
Live 5
Trivia Bingo
Activity
Puzzle Library
Sporcle Events
Private Events
Virtual Trivia
Globe League
Become a Host
Pub Owners
SporcleCon
Opinionation
Our Games
Videos
Blog
Mobile Apps
Partnerships
Remove Ads and Go Orange
Feedback
Music
Pop Music
The Beatles
Song
Album
Lyrics
Bands
Singers
Artist
Clip
Rock
Rap
Classical
Billboard
Country Music
Kpop
Taylor Swift
Music
Pop Music
The Beatles
Song
Album
Lyrics
Bands
Singers
Artist
Clip
Rock
Rap
Classical
Billboard
Country Music
Kpop
Taylor Swift
Random Quiz
Search Sporcle
×
Quiz Lab
Quiz Lab
Music
Album
Type in answers that appear in a list
Type in answers that appear in a list
Classic
Best Score? Go Orange.
Amon Amarth Songs Stats
Can you name the songs by Amon Amarth?
By
Hrodwulhwaz
20m
107 Questions
227 Plays
227 Plays
227 Plays
Comments
Comments
Give Quiz Kudos
Give Quiz Kudos
-
- Ratings
hide this ad
Replay
Link that replays current quiz
Next Quiz
Link to next quiz in quiz playlist
You Got
0%
They Got
Avg Score
73%
Avg Friend Score
Upgrade to see
Score Distribution
Jump to the score distribution portion of the page
Score
0/107
Timer
20:00
0
Plays Today
Hint
Answer
% Correct
Twilight of the Thunder God
Twilight of the Thunder God
95.2%
Deceiver of the Gods
Deceiver of the Gods
92.5%
Fate of Norns
Fate of Norns
91.2%
Versus the World
Vs the World
90.7%
The Avenger
Avenger
89%
With Oden on Our Side
With Oden on Our Side
89%
With Oden on Our Side
With Oden on Our Side (demo version)
89%
Versus the World
Death in Fire
88.1%
Once Sent from the Golden Hall
Once Sent from the Golden Hall
87.7%
With Oden on Our Side
Cry of the Black Birds
87.7%
With Oden on Our Side
Once Sent from the Golden Hall (Sunlight recording 1997)
87.7%
Surtur Rising
War of the Gods
87.2%
Thor Arise
Thor Arise
86.8%
The Avenger
Thor Arise (re-recording)
86.8%
Fate of Norns
The Pursuit of Vikings
86.3%
Once Sent from the Golden Hall
Amon Amarth
85.9%
Once Sent from the Golden Hall
Siegreicher Marsch (Victorious March)
85.9%
With Oden on Our Side
Runes to My Memory
85.9%
Once Sent from the Golden Hall
Victorious March
85.5%
Twilight of the Thunder God
Guardians of Asgaard
85.5%
With Oden on Our Side
Asator
84.1%
Versus the World
Across the Rainbow Bridge
82.4%
Deceiver of the Gods
Father of the Wolf
82.4%
Fate of Norns
Arson
81.5%
Surtur Rising
Destroyer of the Universe
81.1%
The Arrival of the Fimbul Winter
The Arrival of the Fimbul Winter
80.6%
Sorrow Throughout the Nine Worlds
The Arrival of the Fimbul Winter (re-recording)
80.6%
Twilight of the Thunder God
Free Will Sacrifice
79.7%
Deceiver of the Gods
Hel
78.9%
Sorrow Throughout the Nine Worlds
Sorrow Throughout the Nine Worlds
78.4%
Fate of Norns
The Beheading of a King
78.4%
Deceiver of the Gods
Blood Eagle
78.4%
With Oden on Our Side
Valhall Awaits Me
77.5%
Versus the World
Bloodshed
77.1%
Deceiver of the Gods
As Loke Falls
77.1%
Twilight of the Thunder God
Live for the Kill
76.2%
Hint
Answer
% Correct
Twilight of the Thunder God
Where Is Your God?
75.8%
Versus the World
For the Stabwounds in Our Backs
75.3%
Once Sent from the Golden Hall
Friends of the Suncross
74.9%
The Crusher
Bastards of a Lying Breed
74.9%
With Oden on Our Side
Hermod's Ride to Hel - Loke's Treachery Part I
74.9%
With Oden on Our Side
Hermod's Ride to Hel: Loke's Treachery Part I (demo version)
74.9%
Twilight of the Thunder God
Embrace of the Endless Ocean
74.9%
Surtur Rising
Doom Over Dead Man
74.9%
Versus the World
Thousand Years of Oppression
74.4%
Fate of Norns
Valkyries Ride
74.4%
With Oden on Our Side
Gods of War Arise
74.4%
Twilight of the Thunder God
Varyags of Miklagaard
74.4%
Twilight of the Thunder God
The Hero
74.4%
The Arrival of the Fimbul Winter
Without Fear (demo version)
74%
Once Sent from the Golden Hall
Without Fear
74%
The Avenger
God, His Son and Holy ****
74%
The Crusher
Masters of War
74%
Versus the World
Where Silent Gods Stand Guard
73.6%
Twilight of the Thunder God
Tattered Banners and Bloody Flags
73.6%
Surtur Rising
Live Without Regrets
73.1%
Once Sent from the Golden Hall
Ride for Vengeance
73.1%
Once Sent from the Golden Hall
Abandoned
72.7%
Versus the World
...and Soon the World Will Cease to Be
72.7%
Surtur Rising
Töck's Taunt - Loke's Treachery Part II
72.7%
Surtur Rising
The Last Stand of Frej
72.7%
Deceiver of the Gods
Warriors of the North
72.2%
The Avenger
Metalwrath
71.4%
With Oden on Our Side
Under the Northern Star
70.9%
Surtur Rising
A Beast Am I
70.9%
Once Sent from the Golden Hall
The Dragons' Flight Across the Waves
70.5%
The Avenger
Bleed for Ancient Gods
70.5%
The Crusher
The Sound of Eight Hooves
70.5%
Fate of Norns
Once Sealed in Blood
70.5%
Surtur Rising
Slaves of Fear
70.5%
The Avenger
North Sea Storm
70%
Fate of Norns
An Ancient Sign of Coming Storm
70%
Hint
Answer
% Correct
Deceiver of the Gods
Shape Shifter
70%
Deceiver of the Gods
Coming of the Tide
69.6%
Twilight of the Thunder God
No Fear for the Setting Sun
69.2%
Surtur Rising
For Victory or Death
69.2%
Surtur Rising
Wrath of the Norsemen
69.2%
With Oden on Our Side
Prediction of Warfare
68.7%
Deceiver of the Gods
Under Siege
67.8%
The Avenger
The Last with Pagan Blood
67.4%
The Crusher
Annihilation of Hammerfest
67.4%
Versus the World
Down the Slopes of Death
67%
Fate of Norns
Where Death Seems to Dwell
66.5%
The Crusher
The Fall Through Ginnungagap
65.6%
The Avenger
Legend of a Banished Man
65.2%
Thor Arise
Risen from the Sea
65.2%
The Crusher
Risen from the Sea (2000) (re-recording)
65.2%
Surtur Rising
Aerials (System of a Down cover)
64.3%
Deceiver of the Gods
We Shall Destroy
64.3%
The Crusher
Eyes of Horror (Possessed cover)
63%
Thor Arise
Sabbath Bloody Sabbath (Black Sabbath cover)
62.1%
The Crusher
Releasing Surtur's Fire
62.1%
The Crusher
As Long as the Raven Flies
59.9%
Under the Influence
Burning Anvil of Steel (Judas Priest cover)
59.5%
The Crusher
A Fury Divine
59%
Under the Influence
Satan Rising (Black Sabbath cover)
58.1%
Under the Influence
Stand Up to Go Down (AC/DC cover)
57.7%
The Arrival of the Fimbul Winter
Burning Creation
56.8%
Sorrow Throughout the Nine Worlds
Burning Creation (re-recording)
56.8%
Under the Influence
Snake Eyes (Motörhead cover)
56.4%
Sorrow Throughout the Nine Worlds
The Mighty Doors of the Speargod's Hall
55.5%
Sorrow Throughout the Nine Worlds
Under the Grayclouded Winter Sky
54.2%
Thor Arise
Army of Darkness
53.7%
Thor Arise
Atrocious Humanity
52.4%
Surtur Rising
Balls to the Wall (Accept cover)
52%
With Oden on Our Side
Return of the Gods
50.7%
Surtur Rising
War Machine (Kiss cover)
49.8%
Quiz Playlist
Details
Report
Send in Message
Add To Playlist
Classic:
Type in answers that appear in a list
Last Updated: Feb 16, 2017
Quiz Scoreboard
CHALLENGE
Sign Up to Join the Scoreboard
Show All
Scores
Hide
Comments
May contain spoilers
Recently Published
Street Fighter Characters
by Artimus82
Gaming
60s
9x9 Crossword: Cartoon Network
by jackfrog10
Miscellaneous
3m
College Basketball Coaching Resumes
by pancakes188
Sports
9m
More to Explore
Quiz From the Vault
Featured Blog Post
Where Did the Easter Bunny Come From?
hide this ad
You Might Also Like...
Tags
Album Quiz
Death Metal
Discography
Melodic Death
Today's Top Quizzes in Music
Browse Music
hide this ad
Today's Top Quizzes in Album
Browse Album
Top Contributed Quizzes in Music
1
Taylor Swift All Songs (2024)
2
Taylor Swift Logic Puzzle
3
Guess the Artist- 70s Songs
4
7-to-1: Billboard Hot 100 #1 Hits of 2010s
5
Sorting Albums and Songs
6
KPOP LOGIC QUIZ
7
Guess the Taylor Swift song (Mystery Song)
8
Guess The Taylor Swift Lyrics Song #1
9
Billboard Blitz: ABBA
10
Billboard Blitz: The Beatles
Explore More
Trending Topics
Disney
Anime
Crossword
Marvel
Harry Potter
Kpop
NBA
NFL
The Office
Pokémon
WWE
Puzzle
Song
Soccer
Country
hide this ad
More By:
Hrodwulhwaz
Quiz
Plays
Rating
Category
Featured
Created
Amon Amarth Songs
227
5.00
Music
Sep 5, 2014
Deicide Songs
95
5.00
Music
Jun 23, 2014
Anaal Nathrakh Songs
55
4.50
Music
Jun 10, 2014
Kataklysm Songs
37
Music
Jun 29, 2014
Go to Creator's Profile
Score Distribution
Quiz Creator Spotlight
Hrodwulhwaz
Follow
Send a Message
Quizzes Created
-
Created Quiz Play Count
-
More By This Creator
Popular Quizzes Today
1
Find the US States - No Outlines Minefield
2
Find the Countries of Europe - No Outlines Minefield
3
The Countries of the World
4
Find the US States
5
Risky Map Clicking: Biggest States A-Z
6
US States
7
Popular People in 1961
8
Movies - When Are They Set?
More Music Quizzes
Quick Pick: Nirvana Studio Albums
Editor's Pick
Trending Quizzes
Risky Map Clicking: Least Populous States A-Z
Countries of the World: 200 Million BC
1-10 Letter G Words
Risky Map Clicking: Next State Alphabetically
Adjectives in 80s TV Shows
Recently Updated
Leaping Animals
pecheneg
Reality TV Shows (A-Z)
bhenderson79
Rickey Henderson's Hall of Fame Teammates
pecheneg
Champions League XIs: Arsenal
pecheneg
Quick Pick: Celebrities in WWE's Hall of Fame
aduchscher
A-Z Keypad Blitz II
pecheneg
Multiple Oscar Actors
pecheneg
Mystery Phrase Blitz: Oscar 'Best Actors'
pecheneg
F. Scott Fitzgerald Novels
LTH
Pick 3 Villains
ddd62291
Trending Topics
Crossword
Kpop
Marvel
NBA
Disney
Anime
Harry Potter
WWE
Country
NFL
Pokémon
The Office
Song
Puzzle
Soccer
Your Account Isn't Verified!
In order to create a playlist on Sporcle, you need to verify the email address you used during registration. Go to your
Sporcle Settings
to finish the process.
Report this User
Report this user for behavior that violates our
Community Guidelines
.
Details:
Send Report
Go to the Sporcle.com Mobile Site →
Comments